Länder mit der höchsten Inflation (2022) - Statistiken

Allgemein
  • Dieses Quiz wurde 248 mal gespielt
  • Das Durchschnittsergebnis liegt bei 3 aus 10
Antwortstatistiken
Rate in % Antwort % Korrekt
72,31% Türkei
72%
200,91% Venezuela
58%
72,43% Argentinien
47%
48,96% Iran
39%
138,81% Sudan
29%
193,40% Simbabwe
26%
33,94% Äthiopien
21%
31,89% Ghana
18%
52,45% Suriname
15%
46,36% Sri Lanka
14%
Keine übereinstimmenden Quizze gefunden
Verteilung der Resultate
Anzahl Personen mit jedem Resultat
Perzentil nach korrekt beantworteten Fragen
Ihre Resultats-Entwicklung
Sie haben dieses Quiz noch nicht gespielt